000 00909nam a2200253Ia 4500
003 OSt
005 20220923215309.0
006 a|||||r|||| 00| 0
007 ta
008 220922b |||||||| |||| 00| 0 hin d
024 _a177,548
037 _cTextual
040 _aARTS
_cARTS
_bhin
041 _2hin
_ahin
082 _aO152,1:g(P:75), L8
100 _aअवस्थी, कैलाश नारायण
245 0 _aकाव्य शास्त्र
_b युग और प्रवृतियां
246 _aKāvya shāstra: yug aur pravṛutiyāan
260 _aकानपुर
_b अभिलाषा प्रकाशन
_c1978
300 _a324 पृ.
_ccm.
650 _aहिन्दी साहित्य
_9156264
942 _hO152,1:g(P:75), L8
_cTEXL
_2CC
999 _c330936
_d330936